| 000 | 00501nam a2200181Ia 4500 | ||
|---|---|---|---|
| 008 | 190406s9999 xx 000 0 und d | ||
| 100 | _aS Azizpour, K. Giesecke, & G. Schwenkler | ||
| 245 | _aExploring the Sources of Default Clustering | ||
| 245 | _cS Azizpour, K. Giesecke, & G. Schwenkler | ||
| 260 | _bCL | ||
| 260 | _belsevier | ||
| 260 | _c2018 | ||
| 300 | _aCL | ||
| 500 | _aJournal of Financial Economics | ||
| 650 | _xContagion | ||
| 650 | _xDefault Clustering | ||
| 942 |
_2lcc _cSE |
||
| 999 |
_c361376 _d361376 |
||